The dictionary of circket / (Record no. 45293)

MARC details
000 -LEADER
fixed length control field 00661nam a22001937a 4500
005 - DATE AND TIME OF LATEST TRANSACTION
control field 20100913112114.0
020 ## - INTERNATIONAL STANDARD BOOK NUMBER
International Standard Book Number 9780198661986
Terms of availability ₤ 13.99
037 ## - SOURCE OF ACQUISITION
Source of stock number/acquisition Pansy Books
082 ## - DEWEY DECIMAL CLASSIFICATION NUMBER
Classification number 796.35803
100 ## - MAIN ENTRY--PERSONAL NAME
Personal name Rundell, Michael
245 ## - TITLE STATEMENT
Title The dictionary of circket /
Statement of responsibility, etc by Michael Rundell
250 ## - EDITION STATEMENT
Edition statement 2nd. ed.
260 ## - PUBLICATION, DISTRIBUTION, ETC. (IMPRINT)
Place of publication, distribution, etc New York
Name of publisher, distributor, etc Oxford University Press
Date of publication, distribution, etc 1995
270 ## - ADDRESS
City New York
300 ## - PHYSICAL DESCRIPTION
Extent 218p.
Dimensions 24cm(Hb)
942 ## - ADDED ENTRY ELEMENTS (KOHA)
Source of classification or shelving scheme Dewey Decimal Classification
Item type English Books
Classification part 796.35803
Call number suffix RUN
Holdings
Withdrawn status Lost status Not for loan Collection code Home library Current library Date acquired Cost, normal purchase price Full call number Copy number Cost, replacement price Koha item type
    Ordered Non-fiction Andrews Gunj Andrews Gunj 13/09/2010 0.00 796.35803 RUN 1 0.00 English Books

© Delhi Public Library
Hit Counter
free hit counter